Factores que inciden en la prevalencia de vaginosis bacteriana más infección de vías urinarias en embarazadas de 17 a 35 años en la Unidad de Salud intermedia de Tecoluca, en el período comprendido de enero a junio de 2024 (Registro nro. 35439)
[ vista simple ]
| 000 -CABECERA | |
|---|---|
| Longitud fija campo de control | 01212nam a22002177a 4500 |
| 003 - IDENTIFICADOR DELl NÚMERO DE CONTROL | |
| Identificador del número de control | OSt |
| 005 - FECHA Y HORA DE LA ÚLTIMA TRANSACCIÓN | |
| Fecha y hora de la última transacción | 20241114194936.0 |
| 008 - CÓDIGOS DE INFORMACIÓN DE LONGITUD FIJA | |
| Códigos de información de longitud fija | 241024b ||||| |||| 00| 0 eng d |
| 040 ## - FUENTE DE LA CATALOGACIÓN | |
| Centro transcriptor | BCRI |
| 082 ## - NÚMERO DE LA CLASIFICACIÓN DECIMAL DEWEY | |
| Númeroo de clasificación | 610.72 |
| 100 ## - PUNTO DE ACCESO PRINCIPAL-NOMBRE DE PERSONA | |
| 9 (RLIN) | 48966 |
| Nombre de persona | Góngora Orellana, Humberto Daniel |
| 245 ## - MENCIÓN DE TÍTULO | |
| Título | Factores que inciden en la prevalencia de vaginosis bacteriana más infección de vías urinarias en embarazadas de 17 a 35 años en la Unidad de Salud intermedia de Tecoluca, en el período comprendido de enero a junio de 2024 |
| Resto del título | : Informe final de investigación |
| Mención de responsabilidad, etc. | Humberto Daniel Góngora Orellana, Bethsy Alexandra Henríquez Montano, Rebeca Elizabeth Palacios Montano |
| 260 ## - PUBLICACIÓN, DISTRIBUCIÓN, ETC. (PIE DE IMPRENTA) | |
| Lugar de publicación, distribución, etc. | Ilobasco, Cabañas |
| Nombre del editor, distribuidor, etc. | Universidad Católica de El Salvador |
| Fecha de publicación, distribución, etc. | 2024 |
| 300 ## - DESCRIPCIÓN FÍSICA | |
| Extensión | 100 h. |
| Otras características físicas | il. |
| Dimensiones | 27 cm. |
| Material anejo | Versión digital en USB. |
| 502 ## - NOTA DE TESIS | |
| Nota de tesis | Trabajo de graduación para optar al grado académico de Licenciados en Enfermería. |
| 650 #0 - PUNTO DE ACCESO ADICIONAL DE MATERIA - TÉRMINO DE MATERIA | |
| 9 (RLIN) | 14936 |
| Término de materia o nombre geográfico como elemento inicial | Enfermería |
| Subdivisión de materia general | Investigación |
| 700 ## - PUNTO DE ACCESO ADICIONAL - NOMBRE DE PERSONA | |
| 9 (RLIN) | 48967 |
| Nombre de persona | Henríquez Montano, Bethsy Alexandra |
| 700 ## - PUNTO DE ACCESO ADICIONAL - NOMBRE DE PERSONA | |
| 9 (RLIN) | 48968 |
| Nombre de persona | Palacios Montano, Rebeca Elizabeth |
| 710 ## - PUNTO DE ACCESO ADICIONAL - NOMBRE DE ENTIDAD | |
| Nombre de entidad o nombre de jurisdicción como elemento inicial | Universidad Católica de El Salvador |
| Unidad subordinada | Centro Regional de Ilobasco |
| -- | Facultad Multidisciplinaria |
| 9 (RLIN) | 40915 |
| 942 ## - ENTRADA DE ELEMENTOS AGREGADOS (KOHA) | |
| Fuente de clasificaión o esquema | Dewey Decimal Classification |
| Koha [por defecto] tipo de item | 4- Trabajo de Graduación |
| Parte de clasificación | prozim |
| Suprimido | Perdido | Fuente de clasificación o esquema | Estropeado | Restricciones de uso | No para préstamo | Código de colección | Localización permanente | Localización actual | Localización en estanter&íacute;as | Fecha adquisición | Fuente de adquisición | Número de inventario | Préstamos totales | Renovaciones totales | Signatura completa | Código de barras | Fecha última consulta | Fecha último préstamo | Fecha del precio de reemplazo | Tipo de item de Koha |
|---|---|---|---|---|---|---|---|---|---|---|---|---|---|---|---|---|---|---|---|---|
| NULL | NULL | Dewey Decimal Classification | NULL | Prestable | NULL | NULL | Biblioteca Centro Regional de Ilobasco | Biblioteca Centro Regional de Ilobasco | Sala Principal | 22/08/2024 | Donado Humberto Góngora | 000309 | 5 | 1 | IN-000309 | 1052468 | 23/03/2026 | 21/03/2026 | 24/10/2024 | 4- Trabajo de Graduación |